Enhance your English proficiency (Record no. 85995)

MARC details
000 -LEADER
fixed length control field 00421nam a2200181Ia 4500
008 - FIXED-LENGTH DATA ELEMENTS--GENERAL INFORMATION
fixed length control field 230125s9999 xx 000 0 und d
041 ## - LANGUAGE CODE
Language code of text/sound track or separate title eng
082 ## - DEWEY DECIMAL CLASSIFICATION NUMBER
Classification number 418
Item number I
100 ## - MAIN ENTRY--PERSONAL NAME
Personal name IMS
9 (RLIN) 109327
245 ## - TITLE STATEMENT
Title Enhance your English proficiency
260 ## - PUBLICATION, DISTRIBUTION, ETC. (IMPRINT)
Date of publication, distribution, etc. 2005
Name of publisher, distributor, etc. IMS
Place of publication, distribution, etc. Mumbai
300 ## - PHYSICAL DESCRIPTION
Extent 204p
500 ## - GENERAL NOTE
Keywords Vocabulary
650 ## - SUBJECT ADDED ENTRY--TOPICAL TERM
Topical term or geographic name as entry element Language
700 ## - ADDED ENTRY--PERSONAL NAME
Personal name IMS
9 (RLIN) 109327
906 ## - LOCAL DATA ELEMENT F, LDF (RLIN)
b 30
Holdings
Withdrawn status Lost status Damaged status Not for loan Home library Current library Date acquired Vendor Cost, normal purchase price Bill number Total Checkouts Full call number Barcode Date last seen Cost, replacement price Bill Date Koha item type Original Barcode
        Smt. Hiraben Nanavati Institute of Management & Research for Women Smt. Hiraben Nanavati Institute of Management & Research for Women 15/02/2006 Advantage (IMS) 150.00 01-06/SHNI   418 I B04954 HIMR-BK-4954 25/01/2023 120.00 12/01/2006 Books B04954